000 01384nam a2200409 i 4500
001 53856
003 KOSZ 005
005 20230124125821.0
008 040519s1975 pl a f |000 0 pol
015 _aPB 1976/240
040 _cWA N
_aWA N
_dKOSZ 005/HR
041 0 _apol
046 _k1975
080 _a66/69(438)
080 _a005
080 _a338.98
100 1 _aGliński, Bohdan
_d(1926-2009)
_eAutor
245 1 0 _aZmiany w systemie zarządzania przemysłem /
_cBohdan Gliński, Tadeusz Kierczyński, Andrzej Topiński.
260 _aWarszawa :
_b"Książka i Wiedza",
_c1975.
300 _a163, [1] s. :
_btab. ;
_c21 cm.
336 _2rdacontent
_aTekst
_btxt
337 _2rdamedia
_aBez urządzenia pośredniczącego
_bn
338 _2rdacarrier
_aWolumin
_bnc
380 _aKsiążki
388 _a1901-2000
388 _a1945-1989
650 4 _aBodźce ekonomiczne
650 4 _aPlanowanie
650 4 _aPrzemysł
651 _aPolska
658 _aGospodarka, ekonomia, finanse
700 1 _aKierczyński, Tadeusz
_d(1922-2012)
_eAutor
700 1 _aTopiński, Andrzej
_eAutor
710 2 _aSpółdzielnia Wydawniczo-Handlowa "Książka i Wiedza"
_4pbl.
856 _uhttp://koha.tu.koszalin.pl/cgi-bin/koha/opac-detail.pl?biblionumber=53856
_yKatalog online BPK
942 _2UKD
_cKS
999 _c53856
_d53856